5 plus grandes villes de France A-Z - Statistiques

Statistiques générales
  • Ce quiz a été pris 1 643 fois
    76 depuis la dernière actualisation
  • Le résultat moyen est 44 sur 130
Statistiques - réponses
% Correct
Bordeaux
89%
Grenoble
85%
Marseille
85%
Paris
85%
Angers
84%
Strasbourg
84%
Amiens
81%
Brest
81%
Dijon
79%
Lyon
79%
Toulouse
79%
Nice
77%
Nantes
76%
Lille
74%
Annecy
73%
Rennes
73%
Aix-en-Provence
71%
Caen
71%
Toulon
71%
Montpellier
69%
Nîmes
69%
Quimper
69%
Saint-Étienne
69%
Dunkerque
68%
Metz
68%
Orléans
66%
Reims
66%
Le Havre
63%
Rouen
63%
Nancy
61%
Saint-Denis (93)
61%
Saint-Denis (974)
61%
Le Mans
58%
Pau
58%
Valence
58%
Villeurbanne
58%
Tours
56%
Clermont-Ferrand
55%
Perpignan
55%
Versailles
55%
Boulogne-Billancourt
53%
Mulhouse
53%
Poitiers
53%
Besançon
52%
Roubaix
52%
Troyes
48%
Hyères
47%
Nanterre
47%
Argenteuil
45%
Évry-Courcouronnes
45%
Fort-de-France
44%
Limoges
44%
Istres
40%
Tourcoing
40%
Évreux
39%
Béziers
37%
Montreuil
37%
Vénissieux
37%
Épinal
35%
Issy-les-Moulineaux
32%
Ivry-sur-Seine
32%
Douai
31%
Kourou
31%
Orange
29%
Créteil
27%
Fréjus
26%
Saint-Paul
26%
Vitry-sur-Seine
26%
Quimperlé
23%
Wasquehal
23%
Yerres
23%
Drancy
21%
Grasse
19%
Joué-lès-Tours
19%
Pessac
19%
Draguignan
18%
Joinville-le-Pont
18%
Juvisy-sur-Orge
16%
Orly
16%
Ussel
16%
Colombes
15%
Uzès
15%
Courbevoie
13%
Échirolles
13%
Rueil-Malmaison
13%
Urrugne
13%
Wattrelos
13%
Épinay-sur-Seine
11%
Fontenay-sous-Bois
11%
Haguenau
11%
Issoire
11%
Garges-lès-Gonesse
10%
Koungou
10%
Yzeure
10%
Gennevilliers
8%
Hénin-Beaumont
8%
Houilles
8%
Jouy-le-Moutier
8%
Oullins-Pierre-Bénite
8%
Xonrupt-Longemer
8%
Yssingeaux
8%
Yvetot
8%
Zonza
8%
Wattignies
6%
Gagny
5%
Orvault
5%
Woippy
5%
Xertigny
5%
Franconville
3%
Fresnes
3%
Herblay-sur-Seine
3%
Quetigny
3%
Zuydcoote
3%
Illkirch-Graffenstaden
2%
Juvignac
2%
Kervignac
2%
Quéven
2%
Yutz
2%
Zutkerque
2%
Kembs
0%
Kingersheim
0%
Quincy-sous-Sénart
0%
Unieux
0%
Ustaritz
0%
Wittenheim
0%
Xanton-Chassenon
0%
Xermaménil
0%
Xeuilley
0%
Zegerscappel
0%
Zillisheim
0%
Aucun quiz correspondant
Distribution des résultats
% des personnes avec chaque résultat
Percentile par nombre de réponses
Votre historique - résultats
Vous n’avez pas pris ce quiz depuis la dernière actualisation